| 000 | 00385nam a2200157Ia 4500 | ||
|---|---|---|---|
| 008 | 230312s9999||||xx |||||||||||||| ||und|| | ||
| 020 | _a978-81-317-0182 | ||
| 082 |
_a530.8 _bBEN-P |
||
| 100 | _aBentloy, John. P. | ||
| 245 | 0 | _aPrinciplesof Measurement Systems | |
| 260 |
_bPearson Education _aIndia _c1995 |
||
| 300 | _a480 | ||
| 546 | _aEng. | ||
| 650 | _aEngineering | ||
| 942 | _cBK | ||
| 999 |
_c4768 _d4768 |
||